MDQL
is popping MORE tags! Check the
thread
!
Quizzes
Events
Quiz Creation
Community
Videos
Private Events
Remove Ads
Sign In
Join for FREE
Feedback
Dark Mode
Quiz Categories
Sports
Geography
Music
Movies
Television
Just For Fun
Miscellaneous
History
Literature
Language
Science
Gaming
Entertainment
Religion
Holiday
For Kids
Quiz Lab
Recent
Popular Today
Quiz Kudos Today
Editor Picks
Curator Picks
Quizzes by...
Day
Popularity
Type
Ratings
Length
Year
Community
Subscriptions
Recent Discussions
Orange Saloon
Badges
Playlists
Quests
Create
Leaderboards
Showdown
Live 5
Trivia Bingo
Activity
Puzzle Library
Sporcle Events
Private Events
Virtual Trivia
Globe League
Become a Host
Pub Owners
SporcleCon
Opinionation
Our Games
Videos
Blog
Mobile Apps
Partnerships
Remove Ads and Go Orange
Feedback
Music
Pop Music
The Beatles
Song
Album
Lyrics
Bands
Singers
Artist
Clip
Rock
Rap
Classical
Billboard
Country Music
Kpop
Taylor Swift
Music
Pop Music
The Beatles
Song
Album
Lyrics
Bands
Singers
Artist
Clip
Rock
Rap
Classical
Billboard
Country Music
Kpop
Taylor Swift
Random Quiz
Search Sporcle
×
Quiz Lab
Quiz Lab
Music
Artist
Type in answers that appear in a list
Type in answers that appear in a list
Classic
Best Score? Go Orange.
Dutch Top 100 of the Eighties Stats
Can you name the 100 top selling singles of the 1980's in The Netherlands?
By
Rutger
15m
100 Questions
314 Plays
314 Plays
314 Plays
Comments
Comments
Give Quiz Kudos
Give Quiz Kudos
-
- Ratings
hide this ad
Replay
Link that replays current quiz
Next Quiz
Link to next quiz in quiz playlist
You Got
0%
They Got
Avg Score
50%
Avg Friend Score
Upgrade to see
Score Distribution
Jump to the score distribution portion of the page
Score
0/100
Timer
15:00
0
Plays Today
Title
Artist
% Correct
Purple Rain
Prince
90.4%
Careless Whisper
George Michael
89.2%
A Different Corner
George Michael
89.2%
Faith
George Michael
89.2%
Into The Groove
Madonna
87.6%
Who's That Girl
Madonna
87.6%
Papa Don't Preach
Madonna
87.6%
Borderline
Madonna
87.6%
Freedom
Wham!
83.4%
The Edge Of Heaven
Wham!
83.4%
Wake Me Up Before You Go-
Go
Wham!
83.4%
In The Air Tonight
Phil Collins
82.8%
Eternal Flame
The Bangles
82.2%
Walk Like An Egyptian
The Bangles
82.2%
Dancing In The Dark
Bruce Springsteen
80.6%
I'm On Fire
Bruce Springsteen
80.6%
Nikita
Elton John
79.9%
The Final Countdown
Europe
77.7%
The Winner Takes It All
ABBA
76.8%
I Just Called To Say 'I Love You'
Stevie Wonder
76.1%
Master Blaster (Jammin')
Stevie Wonder
76.1%
Xanadu
Olivia Newton-John & Electric Light Orchestra
75.2%
A View To A Kill
Duran Duran
73.6%
The Reflex
Duran Duran
73.6%
The Wild Boys
Duran Duran
73.6%
Every Little Thing She Does Is Magic
The Police
71.3%
I Wanna Dance With Somebody (Who Loves Me)
Whitney Houston
70.7%
When The Rain Begins To Fall
Jermaine Jackson & Pia Zadora
69.4%
Easy Lover
Philip Bailey & Phil Collins
65.9%
Dancing In The Street
David Bowie & Mick Jagger
65.6%
We Are The World
USA for Africa
65%
You Can Call Me Al
Paul Simon
64.3%
Never Gonna Give You Up
Rick Astley
63.7%
Love Is A Battlefield
Pat Benatar
61.8%
Title
Artist
% Correct
Fast Car
Tracy Chapman
61.8%
Say You Say Me
Lionel Richie
61.5%
Don't You (Forget About Me)
The Simple Minds
60.2%
Shout
Tears for Fears
60.2%
Tonight
David Bowie & Tina Turner
59.2%
When The Going Gets Tough The Tough Gets Going
Billy Ocean
58.6%
Get Outta My Dreams Get Into My Car
Billy Ocean
58.6%
Lola
The Kinks
54.1%
De Bom
Doe Maar
53.5%
(I've Had) The Time Of My Life
Bill Medley & Jennifer Warnes
52.2%
I Got You Babe
UB40 & Chrissie Hynde
51%
Sing Our Own Song
UB40
50.6%
Ik Voel Me Zo Verdomd Alleen
Danny de Munk
50%
Upside Down
Diana Ross
49.4%
Nightshift
The Commodores
47.8%
Two Tribes (Cowboys & Indians)
Frankie Goes to Hollywood
47.1%
No More Bolero's
Gerard Joling
47.1%
Ticket To The Tropics
Gerard Joling
47.1%
Funkytown
Lipps Inc.
46.5%
Stars On 45
Stars on 45
45.2%
Proudly Presents The Star Sisters
Stars on 45
45.2%
Blue Monday
New Order
44.9%
Push It
Salt-n-Pepa
44.9%
Rapper's Delight
The Sugarhill Gang
44.6%
Woman In Love
Barbra Streisand
43.6%
Jeanny
Falco
43.3%
19
Paul Hardcastle
41.1%
Buffalo Stance
Neneh Cherry
40.8%
Why Tell Me Why
Anita Meyer
39.8%
Girl I'm Gonna Miss You
Milli Vanilli
38.9%
Crockett's Theme
Jan Hammer
38.5%
Cherish
Kool & The Gang
37.9%
Don't Leave Me This Way
The Communards
37.6%
Lessons In Love
Level 42
36.3%
Title
Artist
% Correct
Lambada
Kaoma
35.7%
Sailin' Home
Piet Veerman
35.7%
Axel F
Harold Faltermeyer
35.7%
How 'Bout Us
Champaign
32.5%
Everywhere
Fleetwood Mac
31.8%
Waarom Fluister Ik Je Naam Nog
Benny Neyman
31.5%
Tarzan Boy
Baltimora
30.9%
Nothing's Gonna Change My Love For You
Glenn Medeiros
30.6%
The Promise You Made
Cock Robin
29.9%
A Good Heart
Feargal Sharkey
29%
Hey You Rock Steady Crew
The Rock Steady Crew
28.3%
De Vogeltjesdans
De Electronica's
28%
Stop Loving You
Toto
27.7%
Teardrops
Womack & Womack
27.4%
Gimme Hope Jo'anna
Eddy Grant
27.4%
Stop
Sam Brown
26.4%
I Save The Day
Roberto Jacketti & The Scooters
26.1%
Sun Of Jamaica
The Goombay Dance Band
25.8%
Can't Stay Away From You
Gloria Estefan & The Miami Sound Machine
25.5%
Showing Out
Mel & Kim
25.2%
Wonderful World
Sam Cooke
22.6%
Only When You Leave
Spandau Ballet
22.6%
Comment Ça Va
The Shorts
22%
Lean On Me
Club Nouveau
20.4%
Crying
Don McLean
20.1%
Holiday Rap
MC Miker G & DJ Sven
19.7%
Someone Loves You Honey
June Lodge & Prince Mohammed
18.5%
You And Me
Spargo
17.8%
Late At Night
Maywood
16.9%
Tribute (Right On)
The Pasadenas
15.3%
Pretend
Alvin Stardust
10.8%
You Want Love (Maria, Maria...)
Mixed Emotions
8.3%
Quiz Playlist
Details
Report
Send in Message
Add To Playlist
Classic:
Type in answers that appear in a list
Last Updated: Feb 16, 2017
Quiz Scoreboard
CHALLENGE
Sign Up to Join the Scoreboard
Show All
Scores
Hide
Comments
May contain spoilers
Recently Published
1-10 Letter E Words III
by El_Dandy
Language
2m
Street Fighter Characters
by Artimus82
Gaming
60s
College Basketball Coaching Resumes
by pancakes188
Sports
9m
More to Explore
Quiz From the Vault
Featured Blog Post
Where Did the Easter Bunny Come From?
hide this ad
You Might Also Like...
Tags
Artist Quiz
100
1980
Best Selling
dutch
Eighty
Netherlands
Single
Today's Top Quizzes in Music
Browse Music
hide this ad
Today's Top Quizzes in Artist
Browse Artist
Top Contributed Quizzes in Music
1
Taylor Swift All Songs (2024)
2
Taylor Swift Logic Puzzle
3
Guess the Artist- 70s Songs
4
7-to-1: Billboard Hot 100 #1 Hits of 2010s
5
Sorting Albums and Songs
6
Billboard Blitz: Aretha Franklin
7
KPOP LOGIC QUIZ
8
Guess the Taylor Swift song (Mystery Song)
9
Guess The Taylor Swift Lyrics Song #1
10
Billboard Blitz: ABBA
Explore More
Trending Topics
Anime
Disney
Crossword
Harry Potter
NBA
Kpop
Marvel
Pokémon
Puzzle
The Office
Song
Soccer
WWE
Country
NFL
hide this ad
More By:
Rutger
Quiz
Plays
Rating
Category
Featured
Created
Nick Cave and the Bad Seeds albums
963
5.00
Music
Apr 10, 2010
NME's Best 50 Albums of the 80's
669
4.50
Music
Apr 6, 2010
Dutch Soccer Team 1988
430
Sports
Jun 17, 2010
The Netherlands Largest Cities
400
5.00
Geography
Mar 5, 2010
Dutch Top 100 of the Eighties
314
5.00
Music
Nov 6, 2009
Go to Creator's Profile
Score Distribution
Quiz Creator Spotlight
Rutger
Follow
Send a Message
Quizzes Created
-
Created Quiz Play Count
-
More By This Creator
Popular Quizzes Today
1
Find the US States - No Outlines Minefield
2
Find the Countries of Europe - No Outlines Minefield
3
The Countries of the World
4
Find the US States
5
Risky Map Clicking: Biggest States A-Z
6
US States
7
Popular People in 1961
8
Movies - When Are They Set?
More Music Quizzes
2000s Songs Meeting in the Middle
Published
Trending Quizzes
Risky Map Clicking: Least Populous States A-Z
Billboard Blitz: Aretha Franklin
Famous Russians: Author or Composer?
1-10 Letter G Words
Countries of the World: 200 Million BC
Recently Updated
Leaping Animals
pecheneg
Reality TV Shows (A-Z)
bhenderson79
Rickey Henderson's Hall of Fame Teammates
pecheneg
Champions League XIs: Arsenal
pecheneg
Quick Pick: Celebrities in WWE's Hall of Fame
aduchscher
A-Z Keypad Blitz II
pecheneg
Multiple Oscar Actors
pecheneg
Mystery Phrase Blitz: Oscar 'Best Actors'
pecheneg
F. Scott Fitzgerald Novels
LTH
Pick 3 Villains
ddd62291
Trending Topics
Crossword
Kpop
Marvel
Anime
NBA
Disney
Harry Potter
NFL
WWE
Soccer
The Office
Song
Puzzle
Country
Pokémon
Your Account Isn't Verified!
In order to create a playlist on Sporcle, you need to verify the email address you used during registration. Go to your
Sporcle Settings
to finish the process.
Report this User
Report this user for behavior that violates our
Community Guidelines
.
Details:
Send Report
Go to the Sporcle.com Mobile Site →
Comments